[Event "Sitges Sunway op 9th"]
[Site "Sitges"]
[Date "2022.12.17"]
[Round "6"]
[White "Yordanov, Lachezar"]
[Black "Nikolov, Yavor"]
[Result "1/2-1/2"]
[WhiteElo "2294"]
[BlackElo "2092"]
[PlyCount "175"]
[EventDate "2022.12.12"]
[EventType "swiss"]
[EventRounds "10"]
[EventCountry "ESP"]
[SourceTitle "CBM 211 Extra"]
[Source "ChessBase"]
[SourceDate "2023.01.31"]
[SourceVersion "1"]
[SourceVersionDate "2023.01.31"]
[SourceQuality "1"]

1. d4 Nf6 2. c4 e6 3. g3 d5 4. Bg2 Be7 5. Nf3 0-0 6. 0-0 c6 7. Qc2 b6 8. Bf4 Bb7 9. cxd5 cxd5 10. Ne5 Nfd7 11. Nxd7 Qxd7 12. Nc3 Nc6 13. Rfd1 Rac8 14. Rac1 Bf6 15. Be3 h6 16. f3 Rfd8 17. Bf2 Qe7 18. e3 a6 19. Qe2 b5 20. Nb1 Qb4 21. Be1 Qd6 22. f4 Nb8 23. Nd2 Nd7 24. Nb3 Rxc1 25. Rxc1 Rc8 26. Rxc8+ Bxc8 27. Qc2 Bb7 28. Na5 Qb6 29. Kf1 Be7 30. Bf3 Nf6 31. Nb3 Nd7 32. Ba5 Qc6 33. Qxc6 Bxc6 34. Nc1 Bd6 35. Nd3 Bb7 36. Ke2 g6 37. g4 Kg7 38. h4 Nb8 39. Bb6 Nc6 40. Bc5 Bc7 41. g5 hxg5 42. hxg5 f6 43. gxf6+ Kxf6 44. Bg4 Bc8 45. Kf3 Bd8 46. Bh3 Kg7 47. Bd6 g5 48. Bg4 Bf6 49. Bh5 gxf4 50. Be8 Nd8 51. Nxf4 Nf7 52. Bc5 Ng5+ 53. Ke2 Bd8 54. Kd3 Ne4 55. Ba3 Bg5 56. Nh5+ Kg8 57. Nf4 Kg7 58. Ke2 Nf6 59. Bc6 Ne4 60. Nd3 Ng3+ 61. Kf3 Ne4 62. Bb4 Bd8 63. Ne5 Bc7 64. Nd3 Kf6 65. Be8 Ng5+ 66. Ke2 Ne4 67. Bc6 Kf7 68. Kd1 Kf6 69. Kc2 Ng3 70. Nc5 Nf5 71. Kd3 Nd6 72. Be1 Nf5 73. b3 Ke7 74. a4 bxa4 75. bxa4 Bb6 76. Bb4 Kd8 77. a5 Ba7 78. Ba4 Kc7 79. e4 dxe4+ 80. Kxe4 Nd6+ 81. Ke5 Nc4+ 82. Kf6 Ne3 83. Bd2 Nc4 84. Bb4 Ne3 85. Be1 Kd6 86. Bg3+ Kd5 87. Bb3+ Kxd4 88. Nxe6+ 1/2-1/2

[Event "Plovdiv Trainers and Students 2nd"]
[Site "Plovdiv"]
[Date "2022.10.03"]
[Round "7"]
[White "Petrov, Marian"]
[Black "Yordanov, Lachezar"]
[Result "1-0"]
[WhiteElo "2448"]
[BlackElo "2283"]
[PlyCount "73"]
[EventDate "2022.09.29"]
[EventType "swiss"]
[EventRounds "9"]
[EventCountry "BUL"]
[SourceTitle "CBM 210 Extra"]
[Source "ChessBase"]
[SourceDate "2022.11.30"]
[SourceVersion "1"]
[SourceVersionDate "2022.11.30"]
[SourceQuality "1"]

1. e4 c5 2. Nf3 d6 3. c3 Nf6 4. g3 Nc6 5. d3 g6 6. Bg2 Bg7 7. 0-0 0-0 8. Re1 e5 9. a4 h6 10. Na3 Re8 11. Nc4 d5 12. exd5 Nxd5 13. a5 Bf5 14. Nh4 Be6 15. Qa4 Qc7 16. Qb5 a6 17. Qa4 Rad8 18. Bd2 g5 19. Nf3 Bf5 20. h4 gxh4 21. Nxh4 Bxd3 22. Ne3 Nde7 23. Ng4 h5 24. Nh6+ Kf8 25. Qd1 Bg6 26. Nxg6+ Nxg6 27. Qe2 Nf4 28. gxf4 Bxh6 29. Qxh5 Bg7 30. Be3 Nxa5 31. f5 Nc4 32. Bh6 f6 33. Re4 Nd6 34. Rg4 Bxh6 35. Qxh6+ Ke7 36. Rg7+ Nf7 37. Rxf7+ 1-0

[Event "Plovdiv Trainers and Students 2nd"]
[Site "Plovdiv"]
[Date "2022.10.01"]
[Round "4"]
[White "Yordanov, Lachezar"]
[Black "Delchev, Aleksander"]
[Result "1/2-1/2"]
[WhiteElo "2283"]
[BlackElo "2503"]
[PlyCount "54"]
[EventDate "2022.09.29"]
[EventType "swiss"]
[EventRounds "9"]
[EventCountry "BUL"]
[SourceTitle "CBM 210 Extra"]
[Source "ChessBase"]
[SourceDate "2022.11.30"]
[SourceVersion "1"]
[SourceVersionDate "2022.11.30"]
[SourceQuality "1"]

1. d4 Nf6 2. c4 e6 3. Nc3 Bb4 4. e3 c5 5. Bd3 Nc6 6. Nge2 cxd4 7. exd4 d5 8. cxd5 Nxd5 9. 0-0 0-0 10. a3 Bd6 11. Nxd5 exd5 12. Be3 Re8 13. Qd2 Qh4 14. Ng3 h6 15. Rae1 Bd7 16. f4 Re7 17. Nf5 Bxf5 18. Bxf5 Rae8 19. Bb1 Qf6 20. g3 Bc7 21. Bf2 Bb6 22. Re5 Nxe5 23. fxe5 Qc6 24. Qd3 Qg6 25. Qf3 Qc6 26. Qd3 Qg6 27. Qf3 Qc6 1/2-1/2